Moje zobcová flétna /

Další autoři: Jasanová, Nadja
Jazyk: Čeština
Vydáno: Praha : Svojtka a Vašut, 1996
Vydání: Ćes. vyd. 1.
Témata:
Fyzický popis: 1 nestránkovaný svazek : barev. il., noty ; 30 cm + [1] zobcová flétna.
Knihy
Uloženo v:
LEADER 00979nam a2200277 a 4500
001 000111005
003 CZ BrMZK
005 20231013124038.0
008 960815s1996 xr e f cze d
015 |a cnb000664004 
020 |a 80-7180-195-X 
040 |a BOA001  |b cze 
072 7 |a 788  |x Hudba pro dechové nástroje  |2 Konspekt  |9 9 
080 |a 780.642.1.02  |2 MRF 
080 |a (035)  |2 MRF 
245 0 0 |a Moje zobcová flétna /  |c [písně vybrala a upravila Nadja Jasanová] 
250 |a Ćes. vyd. 1. 
260 |a Praha :  |b Svojtka a Vašut,  |c 1996 
300 |a 1 nestránkovaný svazek :  |b barev. il., noty ;  |c 30 cm +  |e [1] zobcová flétna. 
650 0 7 |a hra na zobcovou flétnu  |7 ph135759  |2 czenas 
655 7 |a příručky  |7 fd133209  |2 czenas 
700 1 |a Jasanová, Nadja  |7 mzk2010592552  |4 aut 
765 0 |t Recorder book 
910 |a BOA001  |b UP-1029.001 
990 |a BK 
996 6 |b 2610047122  |c UP-1029.001  |l MZK  |r Sklad / do 24 hodin  |n 2  |p p.v.  |w 000111005  |u 000010  |a 1  |e BOA001  |j MZK50  |s P